[Event "BL2-West 9798"]
[Site "Germany"]
[Date "1998.03.01"]
[Round "?.2"]
[White "Klovans, Janis"]
[Black "Glek, Igor Vladimirovich"]
[Result "0-1"]
[WhiteElo "2465"]
[BlackElo "2505"]
[Annotator "Glek,I"]
[PlyCount "80"]
[EventDate "1997.10.??"]
[EventType "team-tourn"]
[EventRounds "9"]
[EventCountry "GER"]
[SourceTitle "CBM 063"]
[Source "ChessBase"]
[SourceDate "1998.03.26"]
[SourceVersion "1"]
[SourceVersionDate "1998.03.26"]
[SourceQuality "1"]
[WhiteTeam "Enger Spenge"]
[BlackTeam "Katernberg"]
[WhiteTeamCountry "GER"]
[BlackTeamCountry "GER"]

1. e4 e6 2. d4 d5 3. Nc3 Nf6 4. Bg5 Bb4 5. e5 h6 6. Bd2 Bxc3 7. bxc3 Ne4 8. Qg4
g6 9. Bd3 Nxd2 10. Kxd2 c5 11. Nf3 Bd7 12. Rab1 Bc6 (12... c4) 13. Rhe1 (13.
Bxg6 $5 fxg6 14. Qxe6+ Kf8 $13) 13... Qe7 14. h4 Nd7 15. dxc5 Nxc5 16. Nd4
O-O-O $1 17. Rb4 (17. Nxc6 bxc6 18. Qb4 Kd7 $1 $15) 17... Qc7 18. Qf4 f5 $5 (
18... Rd7 $5) (18... g5 $5) 19. Qe3 a5 20. Rb2 Ne4+ 21. Kc1 Bd7 22. Bxe4 dxe4 (
22... fxe4 $5 23. f4 $13) 23. f4 Kb8 24. Rd1 Rc8 25. Ne2 (25. Nb3 a4 $1 26. Nc5
(26. Na5 Qxa5 27. Rxd7 Rc7 $15) 26... Qxc5 27. Qxc5 Rxc5 28. Rxd7 Rc7 29. Rd6
Rxc3 30. Rxe6 {-25.Se2}) 25... Bc6 26. Rd6 Bd5 27. Nd4 Qxc3 28. Qxc3 Rxc3 29.
Nxe6 Bxe6 30. Rxe6 g5 $5 31. fxg5 (31. Kd2 $5 $11) 31... hxg5 32. hxg5 $2 (32.
Kd2 $1 Rg3 33. Re7 $11) 32... e3 $2 (32... Rh1+ $1 33. Kd2 e3+ $1 34. Ke2 Rg1 {
-32...e3 33.Kd1}) 33. Kd1 $2 (33. Rh6 $1 Rxh6 34. gxh6 Rc6 $11) 33... Rh1+ 34.
Ke2 Rg1 35. Re8+ (35. Re7 Rxg2+ 36. Ke1 Rc7 $17 (36... Kc8 $1 37. Rexb7 f4 38.
Rf7 e2 39. Rf8+ Kc7 {/\Te3,Th3-+})) 35... Kc7 $1 36. Re7+ Kc6 $1 37. Rexb7
Rxg2+ 38. Ke1 Kd5 $1 $19 39. R7b3 (39. e6 Ke4 40. Rh7 f4 41. Rh4 Rxg5 $19)
39... Rxb3 40. Rxb3 f4 $1 0-1

[Event "Cappelle op 14th"]
[Site "Cappelle la Grande"]
[Date "1998.02.28"]
[Round "9"]
[White "Spraggett, Kevin"]
[Black "Glek, Igor Vladimirovich"]
[Result "0-1"]
[WhiteElo "2565"]
[BlackElo "2565"]
[Annotator "Glek,I"]
[PlyCount "60"]
[EventDate "1998.02.21"]
[EventType "swiss"]
[EventRounds "9"]
[EventCountry "FRA"]
[SourceTitle "CBM 063 Extra"]
[Source "ChessBase"]
[SourceDate "1998.04.29"]
[SourceVersion "1"]
[SourceVersionDate "1998.04.29"]
[SourceQuality "1"]

1. e4 e6 $1 2. d4 d5 3. Nc3 Nf6 4. Bg5 (4. e5) 4... Bb4 $1 5. e5 h6 6. Bd2 Bxc3
7. bxc3 Ne4 8. Qg4 g6 (8... Kf8) 9. Bd3 Nxd2 10. Kxd2 c5 11. Qf4 (11. Nf3 Nc6 (
11... Bd7 12. Rab1 Bc6 13. Rhe1 Qe7 14. h4 Nd7 15. dxc5 Nxc5 16. Nd4 O-O-O 17.
Rb4 Qc7 18. Qf4 $15 {Klovans-Glek (2. Bundesliga 1998, ... 0-1)}) (11... Qc7
12. Qh4 cxd4 13. cxd4 Bd7 14. Qf6 Rg8 15. h4 Nc6 16. Rhc1 Qa5+ $13 {
Ivanchuk-Gurevich,M (Reggio Emilia 1989/90)})) 11... Bd7 $5 (11... cxd4 12.
cxd4 Qa5+ 13. Ke3 b6 14. Ne2 Nd7 15. Rhe1 Ba6 $11 {Petruchin-Piskov (Russland
1992)}) (11... Nc6 12. Nf3 Bd7 13. h4 Qe7 14. h5 g5 15. Qf6 $1 $16 {
Kovalev-Vaisser (Paris 1991)}) 12. Nf3 Bc6 13. h4 Nd7 14. Rh3 $6 (14. Rhe1) (
14. dxc5) 14... Qe7 (14... c4) 15. dxc5 O-O-O 16. Nd4 Nxc5 $1 17. Rb1 (17. Nxc6
bxc6 18. Rb1 Rd7 $1) 17... Qc7 $15 18. Qf6 $6 {/\ f2-f4, h4-h5} Rhf8 19. f4
Ne4+ $1 20. Bxe4 dxe4 {/\ R:d4!?} 21. Rb4 (21. h5 gxh5 (21... e3+ $5) 22. Rxh5
Rg8) 21... Rd7 $1 22. Kc1 Rfd8 23. a3 (23. Kb2 $2 a5) 23... a5 $5 (23... Qa5 $1
24. Kb2 Qc5 25. Nxc6 bxc6 $1 (25... Qxc6 $15) 26. Rxe4 $6 a5 $1 $40) 24. Rc4
Qb6 25. Re3 Kb8 26. Re1 $138 (26. Nxc6+ $5 bxc6 27. Rd4 Rxd4 28. cxd4 Qxd4 29.
Rb3+ Ka8 $1 30. Qe7 $1 (30. Kb1 Qd7 $19) (30. Qxf7 Qa1+ 31. Rb1 Qxa3+ 32. Rb2
Rb8 $19) 30... Qd7 $1 31. Qc5 Qd1+ 32. Kb2 Qd4+ 33. Qxd4 (33. Rc3 Qxc5 34. Rxc5
Rd4 $1 $19) 33... Rxd4 $17) 26... Bd5 27. Ra4 Rc8 28. Kd2 Qb2 29. Re3 Bb3 $1
30. Rxa5 Rxd4+ $1 0-1

[Event "Moscow-A"]
[Site "Moscow"]
[Date "1996.??.??"]
[Round "?"]
[White "Golubev, Mikhail"]
[Black "Smikovski, Ivan"]
[Result "1/2-1/2"]
[WhiteElo "2520"]
[BlackElo "2545"]
[Annotator "Golubev,M"]
[PlyCount "41"]
[EventDate "1996.??.??"]
[EventType "tourn"]
[EventRounds "9"]
[EventCountry "RUS"]
[EventCategory "10"]
[SourceTitle "CBM 055"]
[Source "ChessBase"]
[SourceDate "1996.12.01"]
[SourceVersion "1"]
[SourceVersionDate "1996.12.01"]
[SourceQuality "1"]

1. e4 e6 2. d4 d5 3. Nc3 Nf6 4. Bg5 Bb4 5. e5 h6 6. Bd2 Bxc3 7. bxc3 Ne4 8. Qg4
g6 9. Bd3 Nxd2 10. Kxd2 c5 11. Nf3 Nc6 12. Qf4 Qa5 13. Rab1 $5 $14 c4 (13... b6
14. Rb5 $1) 14. Be2 (14. Qf6 Rg8 15. Be2) 14... b5 15. a3 {N/} (15. Qf6 Rg8 (
15... O-O $5) 16. h4 $6 (16. a3) 16... b4 $1 17. h5 bxc3+ 18. Ke3 Ne7 $132 {
Rovner,D-Chistiakov,A/Kiev/1938/}) 15... Bd7 $5 (15... Rb8 16. Ra1) 16. Ra1 (
16. h4 $6 Qxa3 $5 17. Rxb5 Na5 $1 $132 {/\Qa2,Nb3}) (16. Qf6 $1 Rg8 17. Ra1 Qd8
$5 18. Qf4 g5) 16... O-O-O $3 17. h4 (17. Qxf7 Rhf8 18. Qxg6 Rf4 $1 19. Qxh6
Rdf8 $40 20. a4 $5) 17... Rdf8 (17... g5 $5 18. hxg5 hxg5 19. Nxg5 Rxh1 20.
Rxh1 Qxa3 $13 21. Nxf7 b4 $1 $44 (21... Rf8 $2 22. Nd6+ Qxd6 23. Rh8 $18)) 18.
Qf6 Rhg8 (18... Qd8 $5 19. h5 g5 20. Qxd8+ Kxd8 21. Nh2 f6 22. exf6 Rxf6 23.
Ng4) 19. Qf4 (19. h5 $5) 19... Rh8 (19... g5 20. hxg5 hxg5 21. Nxg5 f6 (21...
Rxg5 $2 22. Qxg5 Nxd4 23. Qe7) (21... Nxd4 $2 22. Qxd4 Rxg5 23. Qc5+) 22. exf6
e5 23. dxe5 d4 24. Ne4) 20. Qf6 Rhg8 21. Qf4 1/2-1/2

[Event "NED-chT 9900 playoff"]
[Site "Breda"]
[Date "2000.06.02"]
[Round "2.8"]
[White "Polgar, Sofia"]
[Black "Gurevich, Mikhail"]
[Result "1/2-1/2"]
[WhiteElo "2500"]
[BlackElo "2694"]
[Annotator "Gurevich,M"]
[PlyCount "112"]
[EventDate "2000.06.01"]
[EventType "team-k.o."]
[EventRounds "2"]
[EventCountry "NED"]
[SourceTitle "CBM 076 Extra"]
[Source "ChessBase"]
[SourceDate "2000.07.11"]
[SourceVersion "1"]
[SourceVersionDate "2000.07.11"]
[SourceQuality "1"]
[WhiteTeam "Hilversum HSG"]
[BlackTeam "Breda Panfox"]
[WhiteTeamCountry "NED"]
[BlackTeamCountry "NED"]

1. e4 e6 2. d4 d5 3. Nc3 Nf6 4. Bg5 Bb4 5. Nge2 dxe4 6. a3 Be7 7. Bxf6 Bxf6 8.
Nxe4 O-O 9. Qd3 e5 10. Qf3 $5 {TN} (10. d5 Be7 11. O-O-O Nd7 12. g4 Nc5 13.
Nxc5 Bxc5 14. f3 f5 15. h3 Qh4 $15 {1-0 Bogoljubow,E-Tarrasch,S/Bad Pistyan
1922/HCL (36)}) (10. O-O-O exd4 11. Nxf6+ Qxf6 12. Qxd4 Nd7 13. Nc3 c6 14. Be2
Re8 15. Bf3 {1/2-1/2 Unzicker,W-Glek,I/Moscow 1991/TD (15)}) 10... Nd7 11.
O-O-O (11. Nxf6+ Nxf6 $5 (11... Qxf6 12. Qxf6 gxf6 13. O-O-O $14 {(/\14...Ng3)}
) 12. dxe5 Ng4 13. Qc3 (13. Qe4 c6 $1 {(/\14...Qa5,14...Qb6)} 14. f4 (14. h3
Qa5+ 15. Nc3 Nxe5 $132) 14... Qb6 15. Qd4 Rd8 16. Qxb6 axb6 $44) 13... f6 $132)
11... exd4 12. Nxf6+ $6 (12. Nxd4 Bxd4 13. Rxd4 Qe7 $11 {(/\14...Ne5)}) 12...
Nxf6 13. Rxd4 (13. Nxd4 Bg4 $17) 13... Qe7 14. h3 (14. Nc3 Bg4 $1 15. Rxg4 Qe1+
16. Nd1 Nxg4 17. Qxg4 Rad8 {(/\18...Qd2)} 18. Qe2 Rfe8 $19) 14... Bd7 $1 {
[/\15...Bc6]} 15. Ng3 (15. Qxb7 Rab8 16. Qxc7 (16. Qxa7 Bc6 $40 {(/\17...Ra8)})
16... Rfc8 17. Qd6 Qe8 $36) 15... Bc6 16. Qd1 (16. Nf5 Qe5 17. Qf4 Qxf4+ 18.
Rxf4 Rfe8 $15) 16... g6 $1 {[x Ng3]} 17. Rg1 $5 {[/\18.Bc4]} b5 $5 (17... Rad8
18. Bc4 Rxd4 19. Qxd4 $11 Rd8 20. Qf4 (20. Qxa7 $4 b6 {(/\21...Ra8)})) 18. Be2
Qe5 19. Qd2 Rfe8 20. Qf4 a5 $5 21. Qxe5 Rxe5 22. Rd3 $5 {[/\23.Bf3]} Rae8 23.
Bf3 Bxf3 24. Rxf3 Kg7 25. Rd1 h5 26. h4 R8e7 $15 {[/\27...Ng4; x Ng3,Rf3]} 27.
a4 bxa4 28. Rf4 Ng4 (28... Ne4 29. Nxe4 Rxe4 30. Rxe4 Rxe4 31. g3 Kf6 $15) 29.
f3 Ne3 30. Rd2 Rd5 (30... Nd5 $5 31. Rxa4 (31. Re4 f5 $17) 31... Re1+ 32. Rd1
Rxd1+ 33. Kxd1 Ne3+ $17) 31. Rxa4 (31. Rxd5 Nxd5 32. Rxa4 Re1+ 33. Kd2 Rg1 $17)
31... Rxd2 32. Kxd2 Nxg2 $17 33. Ne2 Rd7+ 34. Kc3 Rd6 35. Rc4 (35. Rxa5 Nxh4
$19) 35... Ne3 36. Rc5 Nf5 $6 $138 (36... Nd1+ 37. Kb3 Rb6+ 38. Ka3 Nxb2 $19) (
36... a4 $19) 37. Rxc7 Nxh4 38. Nd4 Ng2 (38... Rd5 39. Kc4 Re5 $17) 39. Rc5 Nf4
$2 (39... Ra6 $17) 40. Rxa5 h4 41. Kc4 $1 $13 (41. Ra1 Nd5+ $15 42. Kc4 $2 Ne3+
43. Kc3 Rxd4 44. Kxd4 Nxc2+ $19) 41... h3 42. Ra1 Kh6 43. b4 Kh5 44. b5 Kh4 45.
c3 $1 $11 {[/\46.Kc5]} (45. Kc5 Rd5+ 46. Kc4 Rd7 47. b6 Nd5 $15) 45... h2 46.
Kc5 Rd8 47. b6 Kg3 48. b7 Kg2 49. Nc6 Rh8 50. Kd6 (50. b8=Q Rxb8 51. Nxb8 h1=Q
52. Rxh1 Kxh1 $11) 50... h1=Q 51. Rxh1 Kxh1 52. c4 Kg2 53. Ke7 $5 {[/\54.Nd8]}
Ne6 54. b8=Q Rxb8 55. Nxb8 Kxf3 56. Kxf7 Nc5 1/2-1/2

[Event "Taastrup"]
[Site "Taastrup"]
[Date "1992.??.??"]
[Round "?"]
[White "Hutters, Tomas"]
[Black "Gurevich, Mikhail"]
[Result "0-1"]
[WhiteElo "2445"]
[BlackElo "2635"]
[Annotator "Gurevich,M"]
[PlyCount "72"]
[EventDate "1992.02.??"]
[EventType "tourn"]
[EventRounds "9"]
[EventCountry "DEN"]
[EventCategory "13"]
[SourceTitle "CBM 028"]
[Source "ChessBase"]
[SourceDate "1992.06.01"]
[SourceVersion "1"]
[SourceVersionDate "1992.06.01"]
[SourceQuality "1"]

1. e4 e6 2. d4 d5 3. Nc3 Bb4 4. Nge2 Nf6 5. Bg5 dxe4 6. a3 Be7 7. Bxf6 Bxf6 (
7... gxf6 8. Nxe4 b6 9. Qd3 $6 {9.g3!} Bb7 10. O-O-O Nd7 11. Kb1 f5 12. N4c3 c6
13. Nf4 Qc7 14. Qe3 O-O-O 15. h4 $6 Nf6 16. Be2 Rhg8 $15 {Pilnik-Planinc/Mar
del Plata/1971/0-1/53/ -> 12/222}) 8. Nxe4 Nc6 $5 {TN; 8...0-0 -> 48\(399)} (
8... O-O 9. Qd2 (9. Nxf6+ Qxf6 10. Qd2 c5 $1) 9... Be7 10. O-O-O $6 (10. N2c3
$5 {Lputian} b6 11. Be2 Bb7 12. Bf3) 10... Nd7 11. g3 b5 12. Bg2 Rb8 {
Friedrich,N-Lputian,S/Berlin Summer/1989/}) 9. c3 O-O (9... e5 $5 10. d5 (10.
dxe5 Nxe5 11. Qxd8+ Bxd8 $15 {^^}) 10... Nb8 {/\ 11...Be7,f7-f5} 11. Nxf6+ Qxf6
12. Ng3 Qb6 $1 $15 {/\13...f5}) 10. f4 $1 Be7 11. Ng1 $6 {/\ Ng1-f3, Bd3} (11.
g3 $5 Nb8 {/\ Nb8-d7,c7-c5} 12. Bg2 Nd7 13. b4 $1 $14) 11... Nb8 12. Nf3 Nd7
13. Bd3 c5 $132 14. dxc5 (14. O-O cxd4 15. Nxd4 Nf6 16. Qf3 Qb6 $132 {/\ 17...
Bd7}) 14... Qc7 $5 (14... Nxc5 15. Nxc5 Bxc5 16. Qe2 {/\17.0-0-0|^}) 15. b4 b6
(15... Qxf4 16. O-O $36) 16. Qc2 (16. cxb6 $1 axb6 17. O-O Bb7 $132) 16... bxc5
17. O-O Bb7 18. Rae1 c4 $5 19. Be2 Bd5 20. Nd4 Rae8 $5 {[/\21...f5]} (20... f5
21. Ng5 Bxg5 22. fxg5 g6 $6 (22... Ne5 23. Qd2 $1 $14 {/\ 24.Qf4;24.Nf5}) 23.
Bf3 $16) 21. Ng5 g6 22. Bf3 Nb6 23. Kh1 Bf6 (23... Qxf4 $6 24. Nxh7 $1 Kxh7 25.
Bxd5 $36) 24. Ne4 Bxd4 $1 (24... Bg7 25. Nc5 $14) 25. cxd4 Bxe4 26. Bxe4 Rd8
$17 27. Rd1 Rd7 28. a4 $5 Rfd8 29. a5 Nc8 30. f5 $2 $138 (30. Qc3 Nd6 $17 {
/\ 31...Nb5}) (30. b5 Rxd4 31. Rxd4 Rxd4 32. b6 axb6 33. a6 Na7 $17 34. Bb7)
30... exf5 31. Bxf5 gxf5 32. Qxf5 Rd6 $19 33. Rde1 Rg6 34. Re3 Nd6 35. Qh5 Qb7
36. Rg3 Qxb4 0-1

[Event "Cappelle op 15th"]
[Site "Cappelle la Grande"]
[Date "1999.02.16"]
[Round "4"]
[White "Lanka, Zigurds"]
[Black "Gurevich, Mikhail"]
[Result "1/2-1/2"]
[WhiteElo "2521"]
[BlackElo "2629"]
[Annotator "Gurevich,M"]
[PlyCount "44"]
[EventDate "1999.02.13"]
[EventType "swiss"]
[EventRounds "9"]
[EventCountry "FRA"]
[SourceTitle "CBM 069"]
[Source "ChessBase"]
[SourceDate "1999.04.01"]
[SourceVersion "1"]
[SourceVersionDate "1999.04.01"]
[SourceQuality "1"]

1. e4 e6 2. d4 d5 3. Nc3 Nf6 4. Bg5 Bb4 5. e5 h6 6. Bd2 Bxc3 7. Bxc3 Ne4 8. Ne2
c5 9. dxc5 Nxc3 (9... Nc6 10. Bd4 Qe7 11. Nc3 Nxc5 12. f4 O-O 13. Qd2 Bd7 14.
O-O-O Nxd4 15. Qxd4 Rac8 16. g3 Rc7 17. Kb1 Rfc8 18. f5) 10. Nxc3 O-O (10...
Qa5 11. Qd2 Qxc5 12. f4 O-O 13. O-O-O Nc6 14. h4) 11. Qd2 f6 (11... Qc7 12. f4
Qxc5 13. O-O-O) 12. exf6 (12. f4 fxe5 13. fxe5 Qh4+ 14. g3 Qh5) 12... Qxf6 13.
Bb5 (13. O-O-O Nd7 (13... Qxf2 14. Be2) 14. Qe3 Qf4) 13... a6 14. Ba4 (14. Bd3
Nd7 15. Na4 b5 (15... e5 16. Nc3) 16. cxb6 Bb7 17. O-O e5) 14... Nd7 15. Bxd7 (
15. c6 Ne5) 15... Bxd7 16. O-O Rac8 17. Nd1 (17. b4 b6) 17... Rxc5 18. c3 Bb5
19. Re1 Rc4 20. f3 Qg6 (20... d4 21. cxd4 Rxd4 22. Qe3 Rfd8 23. Nf2) 21. Qe3
Re8 22. Qe5 (22. Nf2 e5) 22... Qf6 1/2-1/2

[Event "Bad Zwesten op"]
[Site "Bad Zwesten"]
[Date "2008.01.04"]
[Round "4"]
[White "Mainka, Romuald"]
[Black "Tereick, Benjamin"]
[Result "0-1"]
[WhiteElo "2499"]
[BlackElo "2372"]
[Annotator "Gutman,L"]
[PlyCount "90"]
[EventDate "2008.01.02"]
[EventType "swiss"]
[EventRounds "9"]
[EventCountry "GER"]
[SourceTitle "CBM 123"]
[Source "ChessBase"]
[SourceDate "2008.04.02"]
[SourceVersion "1"]
[SourceVersionDate "2008.04.02"]
[SourceQuality "1"]

1. e4 e6 2. d4 d5 3. Nc3 Nf6 4. Bg5 Bb4 5. e5 h6 6. Bd2 Bxc3 7. bxc3 Ne4 8. Qg4
g6 {Die MacCutcheon-Variante ist wieder in Mode!} 9. Be3 (9. Bd3 {gilt als
sicherer.}) 9... Nxc3 {Es ist nicht klar, ob Weiß genügend Kompensation für
den Bauern hat, schrieb Simon Alapin, Britisch Chess Magazine 1899} 10. Bd3 Bd7
$5 {Eine neue und wie es scheint chancenreiche Idee.} ({Schwarz hat es
meistens mit} 10... Qe7 {versucht, David Bronstein}) ({oder mit} 10... c5 {
zu reagieren, was Weiß aktives Spiel versprach.}) (10... Nc6 {brachte Erfolg
in Sutovsky-Nakamura, Torino Olympiade 2006, doch der junger Terreick scheint
das schwarze Spiel sogar zu verbessern.}) 11. Ne2 (11. Nf3 Bb5 $5 (11... Nc6 {
, wie Nakamura mit Zugumstellung spielte, überzeugt weniger.} 12. Bxg6 $5 {
Diese Figurenopfer wird etwas überraschend von Sutovsky in seiner Kommentaren
überhaupt nicht erwähnt.} (12. Bd2 Ne4 13. Bxe4 dxe4 14. Qxe4 Ne7 15. Qxb7 Bc6
$44 {ist gut für Schwarz, Sutovsky}) ({ebenso wie} 12. O-O Ne7 {Sutovsky}) ({
In der obengenannten Partie folgte} 12. Qh3 Qe7 13. Bg5 (13. a3 O-O-O) 13...
Qa3 14. O-O Ne4 15. Bc1 {, wonach} Qa4 $5 16. Rb1 O-O-O 17. Rb3 {von Sutovsky
empfohlen,} Nxd4 18. Ra3 Qb4 19. Nxd4 Qxd4 20. Qe3 c5 21. Rxa7 Kb8 22. Ra5 Rc8
23. Bxe4 dxe4 24. Qa3 Qb4 $15 {Schwarz zufrieden stellen dürfte.}) 12... Rg8
13. Bxf7+ Kxf7 14. Qh5+ Rg6 15. Nh4 Qg8 16. f4 Ne7 17. g4 Ke8 18. Rf1 Kd8 19.
Nxg6 Qxg6 20. Qxg6 Nxg6 21. Bd2 Ne4 22. Rb1 b6 23. Rb3 $44 {mit ziemlich
unklarem Ausgang.}) 12. O-O Bxd3 13. cxd3 Nc6 {wurde geplant,} 14. Qh3 ({oder} 
14. a4 h5 15. Qh3 Nb4) 14... h5 15. Rfe1 Qd7 16. a4 Ne7 17. Bg5 a5 $15 {
mit guten Aussichten für Schwarz.}) 11... Nxe2 12. Qxe2 c5 13. dxc5 d4 $5 (
13... Qa5+ 14. Bd2 Qxc5 15. O-O Nc6 16. Rab1 $44 {überlässt Weiß genügend
Ersatz für den Bauern.}) 14. Bd2 $6 ({Besser gefällt} 14. Bxd4 Bc6 15. Qe3 Bxg2
16. Rg1 Qa5+ 17. Ke2 Bd5 18. c4 Bc6 19. Rab1 Na6 $11 {mit beiderseitigen
Perspektiven.}) 14... Bc6 15. O-O Qd5 ({Auch} 15... Nd7 16. Rfd1 Nxc5 $15 {
kommt in Betracht.}) 16. f4 (16. f3 Nd7 17. Rfe1 Qxc5 18. Rab1 a5 $15 {wäre
ebenfalls nachteilig für Weiß.}) 16... Na6 17. Rfd1 Nxc5 ({Mehr versprach} 
17... Qxc5 $5 18. Rab1 O-O 19. Qg4 Kg7 $15) 18. Bc4 Qe4 19. Bb4 Qxe2 20. Bxe2
d3 21. cxd3 Nd7 22. Rdc1 Nb6 23. Bd6 ({Weiß findet hier und auch weiter keinen
guten Platz für diesen Läufer. Nach} 23. Rab1 Kd7 24. d4 Nd5 25. Bd2 Rac8 $11 {
bleibt das Gleichgewicht gewahrt.}) 23... Kd7 24. Kf2 Rac8 25. g3 Nd5 26. Rab1
h5 27. Rc4 h4 28. g4 b5 29. Rd4 a6 30. Rb2 (30. Bb4 a5 31. Bd2 $11) 30... Ba8
31. a4 $2 ({Hier war} 31. Bb4 $5 {schon erzwungen,} Rc1 32. Bd2 Rh1 33. Kg2 Ra1
34. Bf3 $11 {und Weiß steht nicht schlechter.}) 31... Rc1 32. axb5 axb5 33.
Rxb5 Rh1 34. Bf3 Rxh2+ 35. Kg1 Ra2 36. Bxd5 (36. Rc5 h3 $19) 36... Bxd5 37.
Rdxd5 exd5 38. Rb7+ Kc6 39. Rc7+ Kb6 40. Rc1 h3 41. Rb1+ Kc6 42. f5 Rh4 43. e6
Rxg4+ 44. Kh1 fxe6 45. Rb8 Rgg2 0-1

[Event "Ghent op 28th"]
[Site "Ghent"]
[Date "2005.07.18"]
[Round "6"]
[White "Degraeve, Jean Marc"]
[Black "Michiels, Bart"]
[Result "1-0"]
[WhiteElo "2546"]
[BlackElo "2457"]
[Annotator "Gutman,L"]
[PlyCount "71"]
[EventDate "2005.07.16"]
[EventType "swiss"]
[EventRounds "9"]
[EventCountry "BEL"]
[SourceTitle "CBM 107 Extra"]
[Source "ChessBase"]
[SourceDate "2005.09.01"]
[SourceVersion "1"]
[SourceVersionDate "2005.09.01"]
[SourceQuality "1"]

1. e4 e6 2. d4 d5 3. Nc3 Nf6 4. Bg5 Bb4 5. e5 h6 6. Be3 Ne4 7. Qg4 Kf8 8. a3
Bxc3+ 9. bxc3 c5 10. Bd3 Nxc3 11. dxc5 Nc6 12. Nf3 f5 13. exf6 Qxf6 14. Qh5 e5
15. Bg6 Kg8 16. O-O Be6 {Eine sehr interessante und extrem komplizierte
Stellung.} 17. Nh4 $5 ({Nach} 17. Rae1 Bf7 18. Nh4 Bxg6 19. Nxg6 Qf7 20. f4 Kh7
21. f5 Rhe8 {triumphierte der Schwarze in Arnold-Kritz, Budapest 2000}) 17...
Bf7 (17... Rf8 18. f4 $5 ({aber nicht} 18. Rae1 d4 {Guadalpi-Vallin,
französische Mannschaftsmeisterschaft 2002.}) 18... e4 (18... exf4 19. Rae1 Qe7
20. Bxf4 Qxc5+ 21. Kh1) 19. f5) 18. f4 e4 19. f5 Rd8 (19... d4 20. Bd2 $5 ({
weniger ist mit} 20. Bf4 {zu erreichen, z. B.} Re8 (20... Bc4 $6 21. Rfe1 e3
22. h3 Ne5 23. Bh2 Nd7 24. Nf3 {geschah dagegen in Lanka-Nepeina Leconte,
Paris 2000}) 21. Rae1 e3 22. Bg3 Ne4 23. Rf3 Nxc5 {Casares Cabanas-Herraiz
Hidalgo, spanische Liga 2003}) 20... Bd5 ({oder} 20... Re8 21. Bxc3 dxc3 22.
Rae1) 21. Rae1 Ne5 22. Bxc3 dxc3 23. Rd1) 20. Rae1 Na4 (20... d4 21. Bd2 Bc4 {
läuft in} 22. Bxc3 Bxf1 23. Kxf1 dxc3 24. Rxe4 Nd4 25. Nf3 {hinein.}) 21. Rf4
Nb2 (21... Rf8 {war kaum besser wegen} 22. Bxf7+ Rxf7 23. Ng6 Rh7 24. c4) (
21... Nc3 {sieht etwas hartnäckiger aus, doch bleibt nach} 22. a4 $5 (22. Bd2
Nb5 $1) 22... d4 23. Bd2 Bd5 24. Bxc3 dxc3 25. Rfxe4 Bxe4 26. Rxe4 Nd4 27. Nf3
Nc6 28. Re6 Qf8 29. Kh1 $1 {die schwarze Lage ziemlich trostlos.}) 22. Bxf7+
Qxf7 23. Ng6 Nc4 (23... Rh7 24. f6) ({und} 23... Kh7 {verliert wegen} 24. Rh4
Nc4 25. Bxh6 Kg8 26. Nxh8 Qxh5 27. Rxh5 gxh6 28. Rxh6 Kg7 29. Rh5) 24. f6 N4e5
(24... Rh7 25. Bd4 Nxd4 26. Ne7+) 25. fxg7 Qxg7 (25... Qxg6 26. gxh8=Q+ Kxh8
27. Qxg6 Nxg6 28. Rf7) 26. Nxe5 Nxe5 27. Ref1 Rh7 28. Rf6 Ng4 29. Bd4 (29. Rd6
$1 Rf8 30. Qxd5+ Kh8 31. Bd4 {war etwas schneller.}) 29... Nxf6 30. Bxf6 Qf8
31. Qg6+ Rg7 32. Bxg7 Qxg7 33. Qe6+ Kh8 34. Rf6 Qg5 35. h4 Qe3+ 36. Kh2 1-0